000 00351nam a2200133Ia 4500
008 210210b1972 xxu||||| |||| 00| 0 eng d
082 _a305.6945 PARS
100 _aPARVATHAMMA (C).
245 _aSociological essays on veerashaivism.
260 _aBombay.
_bPopular Prakashan.,
_c1972
300 _a144
690 _aSocial Groups
906 _aSG00524
999 _c111874
_d111874